00699nam a2200181 i 4500001000700000003000900007005001700016007000300033008004100036100004000077245012100117260004100238300003200279650004500311852002100356999001900377952012100396100168ES-MaACL20250827051504.0t|050922s1944 sp f |||| |dspa d1 aMartínez-Valverde, Carlos.97846210aMeridianos b: memorias de un alférez de navío en un viaje de circunnavegación / cCarlos Martínez-Valverde. aMadrid : bEditora Nacional, c1944. a298 p., 6 lám. ; c22 cm.07aViajes alrededor del mundo2embne917780 aES-MaACLjE-1896 c100168d100168 00104070aATENEOMbATENEOMcDEPO2d2008-01-17eSCl0oE-1896p1104595r2023-02-23 00:00:00w2023-02-23yMONOGRAFIA